Những món ăn ngon dễ làm

Gespeichert in:
Bibliographische Detailangaben
1. Verfasser: NGUYỄN DZOÃN CẨM VÂN
Format: Buch
Sprache:Undetermined
Veröffentlicht: Phụ Nữ
Tags: Tag hinzufügen
Keine Tags, Fügen Sie den ersten Tag hinzu!
Thư viện lưu trữ: Trung tâm Học liệu Trường Đại học Cần Thơ
LEADER 00409nam a2200133Ia 4500
001 CTU_50024
008 210402s9999 xx 000 0 und d
082 |a 641.5 
082 |b V121 
100 |a NGUYỄN DZOÃN CẨM VÂN 
245 0 |a Những món ăn ngon dễ làm 
245 0 |c NGUYỄN DZOÃN CẨM VÂN 
260 |b Phụ Nữ 
980 |a Trung tâm Học liệu Trường Đại học Cần Thơ